00358nam a2200133Ia 4500008004100000020001800041041000800059082001200067100001400079245006700093250001200160260002900172650002300201260624s2023 xx 000 0 und d a9760323757898 aeng a616.025 aWalls Ron aRosens Emergency Medicine Concepts and Clinical Practice Vol.1 a10th ed bElsevier, Pub.2023c2023 aEmergency Medicine